| 000 | 00974nam a22002537i 4500 | ||
|---|---|---|---|
| 003 | EG-ScBUE | ||
| 005 | 20221123102818.0 | ||
| 008 | 220731s19uu ua f 000 0 ara d | ||
| 040 |
_aEG-ScBUE _bara _erda _cEG-ScBUE _dEG-ScBUE |
||
| 082 | 0 | 4 |
_222 _a297.273 _bد ر ا |
| 100 | 1 |
_aدراز، محمد عبد الله، _d1894-1958، _eمؤلف. |
|
| 245 | 1 | 2 |
_aالربا في نظر القانون الإسلامي / _cفضيلة الأستاذ الدكتور محمد عبد الله دراز. |
| 264 | 1 |
_a[القاهرة] : _bبنك فيصل الإسلامي المصري، _c[19--؟] |
|
| 300 |
_a23 صفحة ؛ _c24 سم |
||
| 336 |
_2rdacontent _aنص _btxt |
||
| 337 |
_2rdamedia _aبدون وسيط _bn |
||
| 338 |
_2rdacarrier _aمجلد _bnc |
||
| 541 | _aBook from store. | ||
| 650 | 7 |
_aالربا (فقه إسلامي). _2BUEsh |
|
| 650 | 7 |
_aالشريعة الاسلامية. _2BUEsh |
|
| 653 |
_bGGEN _cNovember2022 |
||
| 655 | _vReading book | ||
| 942 | _2ddc | ||
| 999 |
_c30019 _d29990 |
||